{"text_format":"3","workbook":"xlsx","n_sheets":1,"sheets":["Sheet1"],"read":"whole","date_system":"1900"}

{"sheet":"Sheet1","index":0,"n_rows":44,"n_cols":7,"rows_kept":44}
["序号","货物名称","品牌及规格型\n\n号","数量","单位","单价（元）","小计（元）"]
[1,"全彩筒型摄像机","海康威视\nDS-2CD2T4SFQ\nNB-KXD",1241,"台",749,929509]
[2,"多摄智能结构化\n相机","海康威视\nDS-2CD7A4SFQ\nNB2-KXD",100,"台",2376,237600]
[3,"多向双目智能摄像机","海康威视\nDS-2CD7V4XSF\nQNB-KXD",100,"台",1782,178200]
[4,"电源适配器","小耳朵牛芯\n817A",1441,"台",18,25938]
[5,"安装支架","定制",1341,"个",22,29502]
[6,"400W 全彩全彩球机","海康威视\nDS-2DE64YSFQ\nNB-KXD",47,"台",2088,98136]
[7,"电源适配器","定制",47,"个",252,11844]
[8,"安装支架","定制",47,"个",101,4747]
[9,"400W 智能人像\n抓拍摄像机","海康威视\nDS-2CD7A4SFQ\nNB-KXD",98,"台",1683,164934]
[10,"电源适配器","小耳朵牛芯\n817A",98,"个",18,1764]
[11,"安装支架","定制",98,"个",36,3528]
[12,"270 度全景高空\n瞭望","海康威视\nDS-2DP24ASFQ\nNBZIXS-KXD",5,"台",40590,202950]
[13,"电源适配器","定制",5,"个",252,1260]
[14,"定制支架","定制",5,"套",2300,11500]
[15,"无线网桥","海康威视\nDS-3WF0EC-2N/D(B)",5,"套",495,2475]
[16,"枪球一体化球型\n摄像机","海康威视\nDS-2SK8C2SFQ\nNB-KXD",1,"台",6435,6435]
[17,"电源适配器","定制",1,"个",252,252]
[18,"安装支架","定制",1,"个",101,101]
[19,"不锈钢电控箱","定制",547,"个",89,48683]
[20,"千兆交换机","海康威视\nDS-3E0509-S",547,"台",369,201843]
[21,"50cm 横支臂","定制",8,"根",104,832]
[22,"1 米横支臂","定制",207,"根",137,28359]
[23,"1.5 米横支臂","定制",123,"根",169,20787]
[24,"2 米横支臂","定制",77,"根",202,15554]
[25,"2.5 米横支臂","定制",3,"根",234,702]
[26,"3 米横支臂","定制",30,"根",260,7800]
[27,"4 米立杆","定制",65,"根",780,50700]
[28,"6 米立杆","定制",67,"根",1900,127300]
[29,"8 米立杆","定制",8,"根",2800,22400]
[30,"240W 太阳能供\n电电池板","定制",323,"块",3702,1195746]
[31,"300W 太阳能供\n电电池板","定制",100,"块",3859,385900]
[32,"球机逆变器（供\n球机使用）","定制",15,"台",90,1350]
[33,"RVV3*1.5","国标",22740,"米",{"v":3.9,"d":"4"},88686]
[34,"国标超五类网线","国标",22740,"米",{"v":1.5,"d":"2"},34110]
[35,"视频专网网络链路","运营商",706,"条",1500,1059000]
[36,"视频云存储设备","海康威视\nDS-A72048R-I\nCVS",4,"台",404050,1616200]
[37,"图片云存储设备","海康威视\nDS-A72048RH-\nICVS",1,"台",420558,420558]
[38,"云存储管理设备","海康威视\nDS-A5120RL-C\nVMN",2,"台",40500,81000]
[39,"存储软件扩容","海康威视\nHikCloud\nStorage VCS",1,"套",232200,232200]
[40,"视图应用平台扩容","海康威视\nInfovision\nPVIA",1,"套",118800,118800]
[41,"汇聚交换机","海康威视\nDS-3E3752-H",3,"台",11281,33843]
[42,"流媒体设备（核心产品）","海康威视\nDS-VM22R-CM",2,"台",61090,122180]
["总计：   7825208.00    元"]